Sturgill Simpson Songs - Sudden Death - Statistics

General Stats
  • This quiz has been taken 30 times
  • The average score is 8 of 17
Answers on the Grid
Answers color-coded by a green-red scale on the quiz's grid according to % correct below.
Fastest Horse in Town
Railroad of Sin
Honeysuckle Blue
Long Hard Road
It Ain't All Flowers
I Don't Mind
Tattoos
Four Flame Candle
Shamrock
Blue Side of the Mountain
Time After All
You Can Have the Crown
Sitting Here Without You
Lady May
Oh Sarah
Coal
Poor Rambler
Tennessee
Life of Sin
Peace of Mind
Codeine
High Top Mountain
Swamp of Sadness
Band Aid's on Bullet Wounds
One for the Road
Hobo Cartoon
My Lonesome
Black Mountain
Make Art Not Friends
Kentucky
 
Answer Stats
Answer % Correct
I Don't Mind
76%
Railroad of Sin
71%
Fastest Horse in Town
65%
It Ain't All Flowers
65%
Oh Sarah
65%
Life of Sin
59%
You Can Have the Crown
59%
One for the Road
53%
Make Art Not Friends
47%
Shamrock
47%
Sitting Here Without You
41%
Hobo Cartoon
35%
Swamp of Sadness
35%
Tennessee
35%
Time After All
35%
Poor Rambler
18%
Four Flame Candle
6%
No matching quizzes found
Score Distribution
Percent of People with Each Score
Percentile by Number Answered
Your Score History
You have not taken this quiz